01442nam a22003131 450000100060000000300080000600500170001400800390003103500190007004000320008904100080012108200220012924501030015126000320025430000510028635000090033749000210034650400200036750501490038765100660053670000420060270000320064470000790067670000780075594200120083399900170084595201340086295201320099624817BD-RjUL20211209001113.0140315s1967 enkb b 001 0 eng a(BD-RjUL)24886 aDLCcDLCdDLCdBD-RjULbeng aeng00a942.062bCIV 196704aThe Civil War :cedited by Peter Young [and] John Gwyn, edited by Norman Tucker.bRichard Atkyns / aLondon :bLongmans,cc1967. axii, 129 p. :bill., front., 3 maps. ;c22 cm. a30/-0 aMilitary memoirs aIncludes index.0 aThe vindication of Richard Atkyns, by R. Atkyns.--The military memoirs of John Gwyn, by J. Gwyn.--Biographical notes.--Bibliography (p. 121-122) 0aGreat BritainxHistoryyCivil War, 1642-1649xSources.9763991 aYoung, Peter,d1915-1988,eed.9725271 aTucker, Norman,eed.97640012aAtkyns, Richard,d1615-1677.tVindication of Richard Atkyns.f1967.97640112aGwynne, John,dactive 1660.tMilitary memoirs of John Gwyn.f1967.976402 2ddccBK c24817d24817 00102ddc40728NFICaRUCLbRUCLcReadingd1969-12-24eZeitg0.30l0o942.062 CIV 1967r2014-03-15 00:00:00tC-1w2014-03-15yBK 00102ddc40708NFICaRUCLbRUCLcStackd1969-12-24eZeitg0.30l0o942.062 CIV 1967r2014-03-15 00:00:00tC-2w2014-03-15yBK